NCAA Division II Team Names - Statistics

General Stats
  • This quiz has been taken 241 times
  • The average score is 159 of 292
Answer Stats
School Answer % Correct
Barton | Bowie State | Ferris State | +6 others Bulldogs
90%
Benedict | East Central | Fort Hays State | +5 others Tigers
88%
Bloomfield College | Lenoir-Rhyne | Shaw Bears
87%
Arkansas - Fort Smith | Emmanuel | Georgian Court | +5 others Lions
87%
Adelphi | Claflin | Clark Atlanta | +6 others Panthers
85%
Ashland | Biola | Carson-Newman | +5 others Eagles
83%
Chowan | Quincy | Rockhurst | +2 others Hawks
82%
CSU - Chico | Central Washington | Daemen | +4 others Wildcats
80%
Saginaw Valley State | Wheeling | William Jewell Cardinals
78%
Cal Poly - Pomona | Fayetteville State Broncos
73%
CSU - Stanislaus | East Stroudsburg | Southern Wesleyan | +2 others Warriors
73%
Bentley | Montevallo | Notre Dame College | +3 others Falcons
72%
Newberry | Northern State | West Georgia | Western Oregon Wolves
72%
Asuza Pacific | CSU - San Marcos | Caldwell | +3 others Cougars
70%
Bloomsburg (PA) | Michigan Tech | St. Cloud State Huskies
70%
Anderson | Mount Olive | Trevecca Nazarene | Virginia State Trojans
68%
Frostburg State | Georgia College & State | Lees-McRae | West Virginia Wesleyan Bobcats
67%
Clayton State | Grand Valley State | Lake Superior State | Mercyhurst Lakers
67%
CSU - East Bay | Glenville State | Malone | +2 others Pioneers
67%
D'Youville | Flagler | Limestone | +2 others Saints
67%
Lane | Minnesota State - Moorhead | Tiffin Dragons
65%
St. Thomas Aquinas | Tampa Spartans
65%
Queens Knights
63%
Midwestern State | Southwest Minnesota State | Western New Mexico Mustangs
63%
Angelo State | Shepherd | Thomas Jeffeson | Winston-Salem State Rams
63%
American International | Black Hills State | Cedarville | West Virginia State Yellow Jackets
63%
Montana State - Billings Yellowjackets
63%
CSU - Los Angeles | Charleston | Minnesota - Crookston | Penn West - Clarion Golden Eagles
62%
Missouri S&T Miners
60%
Dallas Baptist | Francis Marion | Texas - Tyler Patriots
60%
Lander | McKendree | Northwest Missouri State | Southwest Baptist Bearcats
58%
Emporia State Hornets
58%
Augusta Jaguars
58%
Augustana | Elizabeth City State | Western Washington Vikings
58%
Oklahoma Baptist Bison
57%
Cameron Aggies
55%
Alabama - Huntsville | Dominican - New York | Hillsdale | New Haven Chargers
55%
San Francisco State Gators
55%
Adams State Grizzlies
55%
Northwestern Oklahoma State | Regis | Wisconsin - Parkside Rangers
55%
Bemidji State | Minot State Beavers
53%
UVA Wise | Walsh Cavaliers
53%
Shippensburg Raiders
53%
UNC Pembroke Braves
52%
New Mexico Highlands | Puerto Rico - Bayamon Cowboys
52%
Assumption | Eastern New Mexico | Indianapolis Greyhounds
52%
Cal Poly - Humboldt Lumberjacks
52%
West Texas A&M Buffaloes
50%
Belmont Abbey | North Greenville Crusaders
50%
Staten Island Dolphins
50%
Lake Erie Storm
50%
Findlay Oilers
48%
CSU - San Bernardino Coyotes
47%
Chestnut Hill | Seton Hill | Westminster Griffins
47%
Missouri Western State Griffons
47%
Roberts Wesleyan Redhawks
47%
Slippery Rock The Rock
47%
Barry | Christian Brothers Buccaneers
45%
Valdosta State Blazers
43%
Lee Flames
43%
Lewis Flyers
43%
Catawba Indians
43%
Franklin Pierce Ravens
43%
Alaska - Anchorage | Sonoma State Seawolves
43%
Davis & Elkins Senators
43%
Hawai'i Pacific | Nova Southeastern Sharks
43%
Eckerd | Missouri - St. Louis Tritons
43%
Concordia - St. Paul | Kutztown Golden Bears
42%
Newman Jets
42%
Colorado Mesa | Mercy | Minnesota State - Mankato Mavericks
42%
Colorado - Colorado Springs | Concord | Young Harris Mountain Lions
42%
St. Edward's | West Liberty Hilltoppers
40%
Delta State Statesmen
40%
Auburn - Montgomery Warhawks
40%
Pittsburg State Gorillas
38%
Goldey-Beacom Lightning
38%
Central Missouri Mules
38%
Alaska - Fairbanks Nanooks
38%
Henderson State Reddies
38%
Northwood Timberwolves
38%
West Florida Argonauts
37%
Mississippi College Choctaws
37%
Mansfield | Western Colorado Mountaineers
37%
CSU - Monterey Bay Otters
37%
Southern Connecticut State Owls
37%
University of DC Firebirds
35%
Erskine Flying Fleet
35%
Harding Bisons
33%
Gannon | St. Rose Golden Knights
33%
Washburn Ichabods
33%
Dominican - California Penguins
33%
Spring Hill Badgers
32%
Arkansas - Monticello Boll Weevils
32%
Central Oklahoma Bronchos
32%
Johnson C. Smith Golden Bulls
32%
Central State | Millersville | University of Mary Marauders
32%
Upper Iowa Peacocks
32%
Metropolitan State - Denver Roadrunners
32%
Southeastern Oklahoma State Savage Storm
32%
King Tornados
32%
Hawai'i - Hilo | Penn West - California Vulcans
32%
Livingstone Blue Bears
30%
Georgia Southwestern State Hurricanes
30%
Texas A&M - Kingsville Javelinas
30%
Southern Arkansas Muleriders
30%
Illinois - Springfield Prairie Stars
30%
Bridgeport | St. Michael's Purple Knights
30%
St. Mary's Rattlers
30%
Penn West - Edinboro Fighting Scots
28%
Converse Valkyries
28%
Ursuline Arrows
27%
Nebraska - Kearney Lopers
27%
Colorado School of Mines Orediggers
27%
Northeastern State RiverHawks
27%
Pace Setters
27%
CSU - Dominguez Hills Toros
27%
Texas A&M International Dustdevils
25%
Felician Golden Falcons
25%
Albany State | West Chester Golden Rams
25%
Rogers State Hillcats
25%
Purdue Northwest Pride
25%
Lincoln (MO) Blue Tigers
23%
Fairmont State Fighting Falcons
23%
North Georgia | Northwest Nazarene Nighthawks
23%
Southern New Hampshire Penmen
23%
Chaminade - Honolulu Silverswords
23%
Lincoln Memorial Railsplitters
22%
Kentucky State Thorobreds
22%
Academy of Art Urban Knights
22%
Southern Nazarene Crimson Storm
20%
Morehouse Maroon Tigers
20%
Fort Lewis Skyhawks
20%
Rollins Tars
20%
CSU - Pueblo ThunderWolves
20%
Bluefield State Big Blues
18%
Coker Cobras
18%
South Carolina - Aiken Pacers
18%
Indiana - Pennsylvania Crimson Hawks
17%
LeMoyne-Owen Magicians
17%
Lock Haven Bald Eagles
15%
Arkansas Tech Golden Suns
15%
Florida Southern Moccasins
15%
Simon Fraser Red Leafs
15%
Point Loma Nazarene Sea Lions
15%
Fresno Pacific Sunbirds
15%
Tuskegee Golden Tigers
13%
Pittsburgh - Johnstown Mountain Cats
13%
Palm Beach Atlantic Sailfish
13%
South Dakota - Mines & Tech Hardrockers
12%
Lynn Fighting Knights
10%
Puerto Rico - Rio Piedras Gallitos
10%
Lubbock Christian Chaparrals
8%
No matching quizzes found
Score Distribution
Percent of People with Each Score
Percentile by Number Answered
Your Score History
You have not taken this quiz